00692nam a2200205 i 4500001001100000003000500011005001700016008004100033040002500074082001500099100003400114245005800148264009400206300004200300336002100342337002500363338002300388500005300411650002200464C2-0308517PPAK20180728095358.0110504s2006 my a|||| ||||| | may d aPPAKbengcPPAKerda04a297.542230 aShuhairimi Abdullah, eauthor10aZakat pendapatan Perlis dan Kedah mendahului pungutan 1aAlor Setar, Kedah : bBahagian Koleksi Kedah, Perbadanan Perpustakaan Awam Kedah , c2006 a[4 pages] : billustrations ; c30 cm 2rdacontentatext 2rdamediaaunmediated 2rdacarrieravolume aArtikel dari Majalah Milenia Muslim - April 200610aIslam - Charities